1940 1723 1121 1427 1770 1334 1331 1195 1508 1235 1783 1409 1895 1171 1562 1591 1183 1472 1838 1811 1233 1943 1757 1127 1578 1242 1010 1345 1437 1553 1953 1501 1457 1439 1873 1902 1395 1670 1981 1415 1160 1920 1309 1076 1781 1746 1773 1868 1220 1523 1556 1198 1268 1101 1667 1808 1174 1998 1992 1230 1703 1504 1223 1705 1678 1536 1652 1184 1603 1169 1803 1096 1705 1460 1168 1468 1667 1347 1343 1333 1279 1255 1604 1853 1725 1477 2000 1504 1668 1401 1655 1709 1841 1211 1107 1205 1414 1319 1900 BCNSPRNW ULIB Ver.6.0+V

เปลี่ยนเป็นภาษาไทย

Change to English
 แสดงรายละเอียดบรรณานุกรม
  กลับหน้าหลัก

Brief Record : Get Marc (ISO 2709) : E-mail record : QR code < ปิดหน้าต่าง
LEADER : 00000nam 2200000uu 4500
001    13399115053
003     ULIB
008    110627s2552||||th 000 0 tha d
020    9786167190198
090    นว.^bก316อ ล.1
100 0  กลีบลำดวน
245 00 อโณมายอดรัก เล่ม1/^cกลีบลำดวน
250    พิมพ์ครั้งที่ 1
260    กรุงเทพฯ :^bอินเลิฟ,^c2552
300    278 หน้า
710 1  อินเลิฟ
945    ^p0^l0^i028028
995    ทศพร
999 ^a ใช้งานได้ทุกระบบ
รายการนี้ยังไม่มีแท็ก
คุณยังไม่ได้ล็อกอิน คุณสามารถมีกิจกรรมร่วมกับเว็บไซต์ได้ แต่ต้องล็อกอินก่อน ::
  ล็อกอิน

รายการสื่อสารสนเทศ

ลำดับที่ ประเภท เลขเรียก/บาร์โค้ด สถานที่ สถานะ
1. นวนิยาย
นวนิยาย
นว. ก316อ ล.1 ฉ.1 
  Barcode: 028028
ห้องสมุดวิทยาเขตสวรรค์ประชารักษ์
►นวนิยาย
บนชั้น
  ขอยืม

รายการใกล้เคียง
    ผู้แต่ง [กลีบลำดวน]

BibComment


ยังไม่เคยถูกคอมเมนท์

คอมเมนท์ทรัพยากรรายการนี้
  คอมเมนท์: อโณมายอดรัก เล่ม1..


 Copyright 2026. Bcnsprnw @Library